000 00480nam a2200181 i 4500
001 bg
100 1 _aFIBIGER, Waldemar
245 0 _aKoszt energetyczny pracy /
_cWaldemar Fibiger, Andrzej Rogoziński.
260 _aWarszawa :
_bInstytut Wydawn. CRZZ,
_c1977.
300 _a103 s. :
_btabl.
504 _aBibliogr. s. 105.
700 1 _aROGOZIŃSKI, Andrzej
040 _cBPK
041 _apol
080 _a331
942 _cKS
008 s pl f |000 0 pol
999 _c17291
_d17291
856 _uhttp://koha.tu.koszalin.pl/cgi-bin/koha/opac-detail.pl?biblionumber=17291
_yKatalog online BPK